Lí thuyết điều khiển mờ
Sách đề cập đến các phương pháp toán học để tổng hợp và phân tích một hệ thống điều khiển mờ, đó là lý thuyết tập mờ (Fuzzy set) và logic mờ (Fuzzy logic), cung cấp những kiến thức cơ bản nhất để có khả năng tự tổng hợp bộ điều...
Na minha lista:
| Autor principal: | |
|---|---|
| Formato: | Livro |
| Idioma: | Undetermined |
| Publicado em: |
Hà Nội
KHKT
1997
|
| Assuntos: | |
| Tags: |
Adicionar Tag
Sem tags, seja o primeiro a adicionar uma tag!
|
| Thư viện lưu trữ: | Trung tâm Học liệu Trường Đại học Cần Thơ |
|---|
| LEADER | 00957nam a2200181Ia 4500 | ||
|---|---|---|---|
| 001 | CTU_21940 | ||
| 008 | 210402s9999 xx 000 0 und d | ||
| 082 | |a 511.322 | ||
| 082 | |b M312 | ||
| 100 | |a Phan Xuân Minh | ||
| 245 | 0 | |a Lí thuyết điều khiển mờ | |
| 245 | 0 | |c Phan Xuân Minh, Nguyễn Doãn Phước | |
| 260 | |a Hà Nội | ||
| 260 | |b KHKT | ||
| 260 | |c 1997 | ||
| 520 | |a Sách đề cập đến các phương pháp toán học để tổng hợp và phân tích một hệ thống điều khiển mờ, đó là lý thuyết tập mờ (Fuzzy set) và logic mờ (Fuzzy logic), cung cấp những kiến thức cơ bản nhất để có khả năng tự tổng hợp bộ điều khiển mờ đi từ đơn giản đến phức tạp | ||
| 650 | |a fuzzy sets,set theory | ||
| 980 | |a Trung tâm Học liệu Trường Đại học Cần Thơ | ||